Najlepsi strzelcy Argentyny na MŚ w piłce nożnej. - Statystyki

Ogólne statystyki
  • Ten quiz został rozwiązany 47 razy
  • Średni wynik to 5 z 13
Statystyki odpowiedzi
Gole Udział w MŚ Odpowiedź % Poprawnych
13 2006-2022 Leo Messi
100%
8 1982-1994 Diego Maradona
95%
10 1994-2002 Gabriel Batistuta
67%
5 2010-2018 Gonzalo Higuain
53%
4 2022 Julian Alvarez
47%
6 1974-1982 Mario Kempes
47%
4 1998-2006 Hernan Crespo
44%
4 1990-2002 Claudio Caniggia
14%
4 1982-1986 Jorge Valdano
14%
8 1930 Guillermo Stabile
12%
4 1978 Leopoldo Luque
9%
4 1978-1982 Daniel Bertoni
7%
4 1974-1978 Rene Houseman
5%
Nie znaleziono quizów pasujących do podanych kryteriów
Rozkład punktacji
Procent ludzi z każdym wynikiem
Percentyl według liczby udzielonych odpowiedzi
Twoja historia wyników
Nie rozwiązałeś tego quizu